000 00907nam0a22002531 4500
001 rc\2927600
005 20250806211436.0
035 _a(NLR Aleph) 007077298
090 _a48873
_c48873
100 _a20110817d1943 u y0rusy50 ca
101 0 _arus
102 _aRU
105 _ay z |||||
200 1 _aВятское народное ополчение в Отечественной войне 1812 года
_fОтдел гос. архивов УНКВД по Кировской обл.
210 _aКиров
_cКировское обл. изд-во
_d1943
215 _a28 с.
_d17 см
700 1 _aБондаренко
_bВ.К.
_gВасилий Константинович
801 0 _aRU
_bNLR
_gpsbo
801 1 _aRU
_bELAR
_2rusmarc
852 _aNLR
_jИр40 Г-2/10
942 _cBOOK
945 _aРоссийская национальная библиотека
980 _aNB
980 _aBV